| 000 | 00840nam a22001817a 4500 | ||
|---|---|---|---|
| 005 | 20170710115109.0 | ||
| 008 | 170710b mx ||||| |||| 00| 0 spa d | ||
| 050 | 0 | 4 |
_aHD9769.R43.M6 _bO74 1979 |
| 110 | 2 | _aOrganización de las Naciones Unidas para la Agricultura y la Alimentación | |
| 245 | 1 | 0 |
_aEstudio sobre la industria resinera de México _c / Informe preparado para el Gobierno de México por la Organización de las Naciones Unidas para la Agricultura y la Alimentación |
| 246 | 3 | 3 |
_aMejoramiento de la industria resinera _b : México |
| 250 | _a1a ed. | ||
| 260 |
_aMéxico : _bOrganización de las Naciones Unidas para la Agricultura y la Alimentación, _c1979 |
||
| 300 |
_a39 h. ; _c28 cm. |
||
| 650 | 7 |
_2lemb _aIndustria de gomas y resinas _zMéxico _vInforme |
|
| 700 | 1 |
_aSolís Sánchez, Witerico _eautor |
|
| 942 |
_2lcc _cLIB |
||
| 999 |
_c89737 _d89737 |
||